[Event "Mechanics' Summer TNM; G/2"]
[Site "San Francisco"]
[Date "2015.06.04"]
[Round "2"]
[White "Montoya, Daniel"]
[Black "Delaney, Will"]
[Result "1-0"]
[WhiteElo "1601"]
[BlackElo "1800"]
[Annotator "Donaldson"]
[PlyCount "53"]
[EventDate "2015.??.??"]

1. d4 Nf6 2. Bg5 Ne4 3. Bf4 c5 4. f3 Nf6 5. d5 d6 6. e4 g6 7. c4 Bg7 8. Nc3 a6
9. a4 b6 10. Bd3 Nh5 11. Be3 Nd7 12. f4 e6 13. Qd2 Ndf6 14. Nf3 exd5 15. exd5
O-O 16. O-O Ng4 17. f5 Nxe3 18. Qxe3 Nf6 19. Qg5 h6 20. Qd2 g5 21. Qc2 Ng4 22.
Rae1 Ne5 $2 (22... Re8) (22... Bd7) 23. Nxe5 Bxe5 {Diagram [#]} 24. Rxe5 $1
dxe5 25. f6 $1 {Qe2-h5 is very difficult to meet.} Bg4 26. h3 Bd7 27. Qe2 1-0

[Event "Mechanics' Winter TNM; 30/90, SD/30"]
[Site "San Francisco"]
[Date "2015.01.27"]
[Round "4.22"]
[White "Montoya, Daniel"]
[Black "Grey, Peter"]
[Result "0-1"]
[WhiteElo "1615"]
[BlackElo "2006"]
[PlyCount "34"]
[EventDate "2015.??.??"]

1. d4 Nf6 2. Bg5 c5 3. d5 Qb6 4. Nc3 Qxb2 5. Bd2 Qb6 6. e4 d6 7. f4 Qd8 8. e5
dxe5 9. fxe5 Nxd5 10. Bb5+ Nc6 11. Bxc6+ bxc6 12. Qf3 Nxc3 13. Bxc3 Qd5 14. Qg3
Qe4+ 15. Ne2 Bg4 16. O-O-O Bxe2 17. Rhe1 Qg4 0-1

[Event "Mechanics' Summer TNM; G/2"]
[Site "San Francisco"]
[Date "2015.06.23"]
[Round "5.26"]
[White "Montoya, Daniel"]
[Black "Porlares, Teodoro"]
[Result "0-1"]
[WhiteElo "1601"]
[BlackElo "1878"]
[Annotator "Donaldson"]
[PlyCount "90"]
[EventDate "2015.??.??"]

1. d4 Nf6 2. Bg5 e6 3. Nf3 b6 4. e3 Bb7 5. Bd3 Be7 6. c3 d6 7. O-O Nbd7 8. Qe2
c5 9. Rd1 Qc7 10. e4 c4 11. Bc2 O-O 12. Nbd2 b5 13. e5 Nd5 14. Bxe7 Nxe7 {
Diagram #} 15. Bxh7+ $5 Kxh7 16. Ng5+ Kg6 $2 (16... Kh6) 17. Qg4 $1 f5 18. Qg3
Qc6 19. Nxe6+ Kf7 20. Nxf8 (20. Nf3 $1 $18) 20... Rxf8 21. exd6 (21. d5 $1 Qxd5
22. Nf3) 21... Ng6 22. Nf3 f4 23. Qg4 Qxd6 24. Qf5+ (24. Ng5+) 24... Kg8 25.
Qxb5 Bd5 26. Ne5 $1 Nb6 27. Re1 f3 28. Re3 $2 (28. g3) 28... Nxe5 29. Rxe5 Qg6
(29... fxg2) 30. g3 Qh6 31. h4 $18 Bc6 32. Qb4 Qg6 33. Kh2 (33. Rae1) 33... Bd7
34. Rg5 Qe6 35. g4 Rf4 36. Rg1 Qe2 37. Kg3 Rf7 38. Qc5 Rf6 39. Re5 Qd2 40. Re3
Bc6 41. Rge1 Nd5 42. Re4 Nf4 43. R4e3 Ne2+ 44. R1xe2 fxe2 45. Qxc4+ Kh7 0-1

[Event "Mechanics' Winter TNM; 30/90, SD/30"]
[Site "San Francisco"]
[Date "2015.02.24"]
[Round "8.35"]
[White "Montoya, Daniel"]
[Black "Stuetzel, Ezra"]
[Result "0-1"]
[WhiteElo "1615"]
[BlackElo "1300"]
[Annotator "Donaldson"]
[PlyCount "40"]
[EventDate "2015.??.??"]

1. e4 d5 2. exd5 Nf6 3. c4 e6 4. dxe6 Bxe6 5. Nf3 Nc6 6. d4 Bb4+ 7. Nc3 Ne4 8.
Qb3 $2 (8. Bd2) 8... Nxd4 9. Nxd4 Qxd4 10. Be3 Bxc3+ 11. bxc3 Qxc3+ 12. Qxc3
Nxc3 13. Bd4 Ne4 14. Bxg7 Rg8 15. Be5 O-O-O 16. f3 {Diagram [#]} Nd2 $1 17. Bf6
Rd7 18. Rc1 Nxf1 19. Kxf1 Rd2 20. a3 Rgxg2 0-1

[Event "Mechanics' Winter TNM; 30/90, SD/30"]
[Site "San Francisco"]
[Date "2015.02.24"]
[Round "8.41"]
[White "Morgan, Jerry"]
[Black "Ayinala, Shree"]
[Result "1-0"]
[WhiteElo "1524"]
[BlackElo "1236"]
[Annotator "Donaldson"]
[PlyCount "77"]
[EventDate "2015.??.??"]

1. f4 c5 2. Nf3 Nc6 3. e4 d6 4. Be2 g6 5. O-O Bg7 6. c3 Nf6 7. e5 dxe5 8. fxe5
Nh5 9. d4 cxd4 10. cxd4 Bg4 11. Be3 f6 12. Qa4 a6 13. Nbd2 O-O 14. Bc4+ Kh8 15.
Bd3 b5 16. Qb3 fxe5 17. Be4 exd4 18. Bg5 Rc8 19. Nh4 Rxf1+ 20. Rxf1 Nf6 21. Rf4
Be2 22. Qh3 Kg8 23. Nxg6 Nxe4 24. Rxe4 (24. Qe6#) 24... hxg6 25. Qe6+ Kh8 26.
Rh4+ Bh5 27. Qxg6 Qe8 28. Rxh5+ Kg8 29. Qh7+ Kf7 30. Bh6 Qh8 31. Qf5+ Bf6 32.
Bf4 Qd8 33. Rh7+ Ke8 34. Ne4 Qa5 35. Qxc8+ Nd8 36. Nxf6+ exf6 37. Qd7+ Kf8 38.
Bh6+ (38. Rh8#) 38... Kg8 39. Qg7# 1-0

[Event "Mechanics' Winter TNM; 30/90, SD/30"]
[Site "San Francisco"]
[Date "2015.02.10"]
[Round "6.40"]
[White "Morgan, Jerry"]
[Black "Chea, Na"]
[Result "0-1"]
[WhiteElo "1524"]
[BlackElo "1533"]
[Annotator "Donaldson"]
[PlyCount "68"]
[EventDate "2015.??.??"]

1. f4 d5 2. Nf3 Nf6 3. e3 e6 4. b3 Be7 5. Bb2 O-O 6. d3 c5 7. Nbd2 b6 8. Ne5
Bb7 9. Ndf3 Nc6 10. Be2 Qc7 11. Qd2 Rad8 12. O-O-O a6 13. g4 b5 14. Qe1 Rc8 15.
Qh4 Nd7 16. g5 Ncxe5 17. Nxe5 Nxe5 18. Bxe5 Qa5 19. Kb1 c4 20. Bxg7 Kxg7 21.
Qh6+ Kh8 22. Rhg1 cxb3 23. axb3 {Diagram #} Qc3 (23... Rxc2 24. Kxc2 Qa2+ 25.
Kc1 Ba3#) (23... Qc7 24. Rc1 Ba3 25. Qf6+) 24. Rc1 Ba3 25. Qf6+ Qxf6 26. gxf6
Bxc1 27. Kxc1 Rg8 28. Rg4 Rxg4 29. Bxg4 Rg8 30. h3 Bc8 31. e4 e5 32. Bxc8 Rxc8
33. fxe5 dxe4 34. dxe4 Re8 0-1

[Event "Mechanics' Spring TNM; G/2"]
[Site "San Francisco"]
[Date "2015.04.28"]
[Round "7.36"]
[White "Morgan, Jerry"]
[Black "Gomboluudev, Enkhj"]
[Result "0-1"]
[WhiteElo "1512"]
[BlackElo "1400"]
[PlyCount "79"]
[EventDate "2015.??.??"]

1. f4 d5 2. Nf3 Nf6 3. e3 g6 4. b4 Bg7 5. Bb2 O-O 6. Be2 Nbd7 7. O-O c5 8. bxc5
Nxc5 9. Na3 Bd7 10. c4 Bc6 11. Ne5 Ba4 12. Qe1 Rc8 13. cxd5 Nxd5 14. Bc4 e6 15.
d3 a5 16. Bxd5 exd5 17. Qe2 Ne6 18. f5 Nc5 19. Ng4 f6 20. fxg6 hxg6 21. Bd4 Ne6
22. Bb2 f5 23. Bxg7 Nxg7 24. Ne5 Qe8 25. d4 b5 26. Qf3 b4 27. Qxd5+ Kh7 28.
Nac4 Bb5 29. Rf3 a4 30. Rh3+ Nh5 31. Rb1 Bxc4 32. Nxc4 Rb8 33. Qd6 b3 34. axb3
axb3 35. Qc7+ Qf7 36. Qxf7+ Rxf7 37. Na5 b2 38. Nc4 Rb4 39. Kf2 Rfb7 40. Na3 {
...} 0-1

[Event "Mechanics' Spring TNM; G/2"]
[Site "San Francisco"]
[Date "2015.04.14"]
[Round "5.22"]
[White "Morgan, Jerry"]
[Black "Lamstein, Joshua"]
[Result "0-1"]
[WhiteElo "1512"]
[BlackElo "1413"]
[PlyCount "60"]
[EventDate "2015.??.??"]

1. f4 e5 2. fxe5 Qh4+ 3. g3 Qe4 4. Nf3 Nc6 5. d3 Qa4 6. b3 Qg4 7. Bg2 Nxe5 8.
e4 Nc6 9. Na3 Bb4+ 10. Kf1 d6 11. Nb5 Ba5 12. Bb2 Bd7 13. Nbd4 Nxd4 14. Bxd4
Ne7 15. Qc1 f5 16. Qf4 fxe4 17. dxe4 Rg8 18. Kf2 Nc6 19. c3 Nxd4 20. cxd4 Bb6
21. Ke3 Qh5 22. Qg5 Qf7 23. Qf4 Qe6 24. Qh4 h6 25. Qh5+ Ke7 26. Qh4+ g5 27. Qh5
Rae8 28. Nd2 Kd8 29. Nc4 Bc6 30. Nd2 Qe5 0-1

[Event "Mechanics' Spring TNM; G/2"]
[Site "San Francisco"]
[Date "2015.03.31"]
[Round "3.27"]
[White "Morgan, Jerry"]
[Black "Otterbach, Renate"]
[Result "1-0"]
[WhiteElo "1512"]
[BlackElo "997"]
[Annotator "Donaldson"]
[PlyCount "77"]
[EventDate "2015.??.??"]

1. f4 d5 2. Nf3 Bf5 3. d3 Nf6 4. c3 e6 5. Qc2 c5 6. Nbd2 h6 7. e4 dxe4 8. dxe4
Bh7 9. Qa4+ Nc6 10. Bb5 Rc8 11. Qxa7 Rb8 12. Ne5 Nd7 13. Bxc6 bxc6 14. Nxc6 Qc8
15. Nxb8 Nxb8 16. O-O c4 17. Qa4+ Nc6 18. Qxc4 Be7 19. f5 O-O 20. fxe6 f6 21.
Nf3 Qa8 22. Nh4 Ne5 23. Qd5 Qa7+ 24. Kh1 Rd8 25. Qb5 Bxe4 26. Re1 Bc6 27. Qe2
Bd5 28. Nf5 Bxe6 29. Be3 Bc5 30. Bxc5 Qxc5 31. Nd4 Bd5 32. Qb5 $18 Qd6 33. b3
$4 Ng4 $1 34. Re8+ {Diagram [#]} Rxe8 $4 (34... Kf7 $1 $19) 35. Qxe8+ Kh7 36.
Qh5 Nf2+ 37. Kg1 Nd3 38. Qf5+ Kh8 39. Qxd3 1-0

[Event "Mechanics' Winter TNM; 30/90, SD/30"]
[Site "San Francisco"]
[Date "2015.01.27"]
[Round "4.25"]
[White "Morgan, Jerry"]
[Black "Poling, Scott"]
[Result "0-1"]
[WhiteElo "1524"]
[BlackElo "1910"]
[Annotator "Donaldson"]
[PlyCount "84"]
[EventDate "2015.??.??"]

1. f4 Nf6 2. Nf3 d5 3. e3 c5 4. Be2 (4. Bb5+ Bd7 5. Bxd7+ Nbxd7 6. b3 e6 7. Bb2
Be7 8. O-O O-O 9. d3) (4. b3 d4 5. Bb2 (5. Bb5+ Nc6 (5... Bd7 6. Bxd7+ Qxd7 7.
O-O) 6. Bb2 dxe3 7. Bxc6+ bxc6 8. dxe3 Qxd1+ 9. Kxd1)) 4... Nc6 5. O-O e6 6. d3
Be7 7. Nc3 $6 (7. Qe1 O-O 8. Bd1) 7... d4 $1 8. Ne4 Nd5 9. exd4 cxd4 10. a3 Qb6
11. b4 Ne3 $2 (11... O-O) 12. Bxe3 dxe3 13. d4 O-O 14. c4 $6 (14. c3 $1 Qc7 15.
g3) 14... Rd8 15. c5 Qc7 16. Qd3 (16. g3 Qd7) 16... f5 $1 17. Qxe3 fxe4 18.
Qxe4 Bf6 19. Rad1 g6 20. Ne5 Ne7 21. Bc4 Nd5 22. Rd3 Bxe5 23. fxe5 b6 24. Qg4
Qe7 25. Bb5 Nc7 26. Bc6 Ba6 27. b5 Bxb5 28. Bxb5 Nxb5 29. Rf6 Nc7 30. cxb6 axb6
31. Rg3 Rd7 32. h4 Ra4 33. h5 Raxd4 34. Qg5 Nd5 35. Rxg6+ hxg6 36. Qxg6+ (36.
Qh6 Rd1+ 37. Kh2 Qh4+) 36... Qg7 37. Qe8+ Kh7 38. Rxg7+ Rxg7 39. Qxe6 Rxg2+ 40.
Kxg2 Nf4+ 41. Kf3 Nxe6 42. Ke3 Kh6 0-1

[Event "Mechanics' Spring TNM; G/2"]
[Site "San Francisco"]
[Date "2015.03.17"]
[Round "1.13"]
[White "Morgan, Jerry"]
[Black "Uzzaman, Ashik"]
[Result "0-1"]
[WhiteElo "1512"]
[BlackElo "2045"]
[PlyCount "90"]
[EventDate "2015.??.??"]

1. f4 d5 2. Nf3 c5 3. e3 Nc6 4. Bb5 Bg4 5. O-O Nf6 6. b3 e6 7. Bb2 Be7 8. d3
Bxf3 9. Qxf3 O-O 10. Bxc6 bxc6 11. Nd2 a5 12. a4 Qb6 13. Ba3 Ra7 14. Rab1 Rb8
15. c4 Ne8 16. e4 Rd7 17. Qg3 Nc7 18. Bb2 f6 19. Qg4 Qb4 20. Rf2 dxc4 21. Nxc4
Rxd3 22. Ne5 Qxe4 23. Nxd3 Qxd3 24. Qd1 Rxb3 25. Qxd3 Rxd3 26. Rc2 Nd5 27. g3
Kf7 28. Kf2 Nb4 29. Ke2 Rxg3 30. hxg3 Nxc2 31. Kd3 Nb4+ 32. Kc4 Kg6 33. Bc3 Kf5
34. Rd1 Nd5 35. Bd2 Nb6+ 36. Kd3 c4+ 37. Ke3 Bc5+ 38. Kf3 Nxa4 39. Bxa5 c3 40.
Rc1 Bd4 41. g4+ Kg6 42. Ke4 Nc5+ 43. Kxd4 Nb3+ 44. Ke3 Nxc1 45. Bxc3 c5 0-1

[Event "Mechanics' Summer TNM; G/2"]
[Site "San Francisco"]
[Date "2015.07.07"]
[Round "7.16"]
[White "Morgan, Jerry Dugl"]
[Black "Clemens, Kristian"]
[Result "0-1"]
[WhiteElo "1538"]
[BlackElo "1887"]
[Annotator "Donaldson"]
[PlyCount "86"]
[EventDate "2015.??.??"]

1. f4 d5 2. Nf3 Nf6 3. e3 c5 4. b3 Nc6 5. Bb5 Qb6 6. Bxc6+ Qxc6 7. Ne5 Qc7 8.
O-O g6 9. Bb2 Bg7 10. Qc1 Bd7 11. d3 Bc6 12. Nd2 e6 13. Ndf3 h6 14. Ng4 Qe7 15.
Nge5 (15. Nfe5 h5 16. Nxc6 bxc6 17. Ne5) 15... O-O 16. Qe1 Rac8 17. Qh4 Rfe8
18. Rae1 Nd7 19. Qxe7 (19. Qg3 {was more challenging.}) 19... Rxe7 20. Nxc6
Rxc6 21. Bxg7 Kxg7 22. Ne5 (22. c4) 22... Nxe5 23. fxe5 c4 24. d4 cxb3 25. cxb3
Rec7 26. Kf2 (26. Rf2 g5) 26... Rc2+ 27. Re2 Rxe2+ 28. Kxe2 Rc2+ 29. Kf3 Rxa2
30. Rb1 a5 31. h3 h5 32. h4 Rc2 33. g3 f6 34. exf6+ Kxf6 35. g4 hxg4+ 36. Kxg4
Rc3 37. Kf4 b6 38. Rb2 Kg7 39. e4 dxe4 40. Kxe4 Rh3 41. Ke5 Rxh4 42. d5 (42.
Rc2 $1 $15) 42... exd5 43. Kxd5 Rb4 0-1

[Event "Mechanics' Leighton Allen TNM; G/2"]
[Site "San Francisco"]
[Date "2015.09.01"]
[Round "5.36"]
[White "Morgan, Jerry Dugl"]
[Black "Eastham, Asher Dan"]
[Result "1-0"]
[WhiteElo "1645"]
[BlackElo "1462"]
[Annotator "Donaldson"]
[PlyCount "85"]
[EventDate "2015.??.??"]

1. f4 Nf6 2. Nf3 e6 3. b3 d5 4. Bb2 Be7 5. e3 c5 6. Be2 (6. Bb5+ Bd7 7. Bxd7+
Nbxd7) 6... O-O 7. O-O Nc6 8. Bb5 (8. Ne5) 8... Qc7 (8... Bd7 9. Bxc6 Bxc6 10.
Ne5 Qc7) 9. Bxc6 bxc6 (9... Qxc6) 10. Ne5 Nd7 11. Qg4 (11. Nxd7 Bxd7 12. Nc3 (
12. d3)) 11... Bf6 12. d4 a5 (12... cxd4 13. exd4 c5) 13. a4 Rb8 (13... cxd4
14. exd4 c5) 14. Ba3 Be7 15. Nd2 f6 $4 (15... Bd6) 16. Qxe6+ Kh8 17. Qxe7 fxe5
18. fxe5 Qd8 19. Bxc5 Qxe7 20. Bxe7 Re8 21. Bd6 Ra8 22. Rf7 Rd8 23. Raf1 Ba6
24. R1f4 h6 25. Re7 Nb6 26. Rc7 Rac8 27. Re7 Re8 28. Rxe8+ Rxe8 29. Rf8+ Rxf8
30. Bxf8 Kg8 31. Bd6 Nc8 32. Bc5 Kf7 33. Kf2 Ne7 34. e4 g6 35. Ke3 Ke6 36. Bb6
dxe4 37. c4 Kf5 38. Nxe4 g5 39. Bxa5 Ng6 40. Nd6+ Ke6 41. g3 Nf8 42. Ke4 Nd7
43. b4 1-0

[Event "Mechanics' Fall TNM; G/2"]
[Site "San Francisco"]
[Date "2015.10.27"]
[Round "2.38"]
[White "Morgan, Jerry Dugl"]
[Black "Greene, Sammy"]
[Result "0-1"]
[WhiteElo "1588"]
[BlackElo "677"]
[PlyCount "140"]
[EventDate "2015.??.??"]

1. f4 Nf6 2. Nf3 e6 3. e3 Be7 4. b3 O-O 5. Bb2 d5 6. Bd3 c5 7. Na3 Nc6 8. Ne5
Qb6 9. c4 Nb4 10. Qb1 Rd8 11. g4 Nxd3+ 12. Qxd3 Qb4 13. Qc3 b6 14. Qxb4 cxb4
15. Nc2 Bb7 16. Rg1 Rac8 17. Nd4 Ne4 18. Ke2 f6 19. Nxe6 Rd6 20. f5 fxe5 21.
Bxe5 Bf6 22. d4 Bxe5 23. dxe5 Rd7 24. Rgc1 dxc4 25. Nd4 c3 26. a3 Ba6+ 27. Kf3
Nd2+ 28. Kf4 Rxd4+ 29. exd4 Nxb3 30. axb4 Nxa1 31. Rxa1 c2 32. Rc1 Bd3 33. e6
Kf8 34. Ke5 Ke7 35. d5 Rd8 36. Ra1 a6 37. Rc1 Rd6 38. h4 b5 39. h5 h6 40. Kd4
Bc4 41. Rxc2 Rxd5+ 42. Ke3 Rd3+ 43. Ke4 Rd6 44. Ke5 Rd5+ 45. Kf4 Kd6 46. Rc3
Rd4+ 47. Kg3 Be2 48. Re3 Bxg4 49. e7 Bxh5 50. e8=Q Bxe8 51. Rxe8 Rxb4 52. Re6+
Kd5 53. Rxa6 Ke5 54. Ra7 Kf6 55. Rb7 Kxf5 56. Rxg7 h5 57. Rb7 h4+ 58. Kh3 Kg5
59. Rg7+ Kh5 60. Rh7+ Kg6 61. Rb7 Kg5 62. Rg7+ Kh6 63. Rb7 Kg6 64. Rb6+ Kf5 65.
Rb8 Ke5 66. Rd8 Rd4 67. Rb8 Rb4 68. Re8+ Kd4 69. Rh8 Kc3 70. Rc8+ Rc4 0-1

[Event "Mechanics' Leighton Allen TNM; G/2"]
[Site "San Francisco"]
[Date "2015.08.10"]
[Round "2.27"]
[White "Morgan, Jerry Dugl"]
[Black "Harris, Clarence"]
[Result "1/2-1/2"]
[WhiteElo "1645"]
[BlackElo "1425"]
[Annotator "Donaldson"]
[PlyCount "101"]
[EventDate "2015.??.??"]

1. f4 d6 2. Nf3 Nf6 3. b3 e6 4. Bb2 Be7 5. e3 Nc6 6. Be2 Bd7 7. O-O O-O 8. Na3
a6 9. Qe1 b5 10. d3 d5 11. Ne5 Be8 12. Qg3 Bc5 13. Kh1 d4 14. e4 Ne7 15. Qg5 h6
16. Qh4 Nc6 17. Rf3 Nxe5 18. fxe5 Nh7 19. Qg4 Qg5 20. Qxg5 Nxg5 21. Rg3 Rd8 22.
Rf1 Be7 23. Nb1 c5 24. Nd2 Bc6 25. Bc1 Kh7 $2 26. Rf4 (26. h4) 26... f5 27.
exf6 Bxf6 28. Nf3 Nxf3 29. Rgxf3 e5 30. Rg4 Bd7 31. Rgg3 Be6 32. Ba3 b4 (32...
Rc8 {idea Rfd8 and c4}) 33. Bc1 Bd7 34. a4 a5 (34... bxa3 35. Bxa3 Rc8) 35. Kg1
Rf7 36. Rf1 Rdf8 37. Rgf3 Bg4 38. R3f2 Bxe2 39. Rxe2 Bh4 40. Rxf7 Rxf7 41. g3
Bg5 42. Bxg5 hxg5 43. g4 Kg6 44. Kg2 Rf4 45. h3 Kh6 46. Re1 Kg6 47. Rh1 Kf6 48.
Kg3 g6 49. h4 $2 gxh4+ 50. Rxh4 Kg7 (50... Kg5) 51. Rh1 1/2-1/2

[Event "Mechanics' Leighton Allen TNM; G/2"]
[Site "San Francisco"]
[Date "2015.09.22"]
[Round "8.23"]
[White "Morgan, Jerry Dugl"]
[Black "Kondakov, Adrian"]
[Result "1/2-1/2"]
[WhiteElo "1645"]
[BlackElo "1536"]
[PlyCount "68"]
[EventDate "2015.??.??"]

1. f4 Nf6 2. Nf3 g6 3. d3 d5 4. c3 Bg7 5. Qc2 c5 6. e4 Nc6 7. Be2 O-O 8. e5 Nd7
9. d4 e6 10. O-O cxd4 11. cxd4 Qb6 12. Be3 Ndb8 13. a3 a5 14. Nbd2 Na6 15. Qb3
Qxb3 16. Nxb3 a4 17. Nbd2 Bd7 18. Rac1 Rfc8 19. Rc2 Bf8 20. Rfc1 Na5 21. Bxa6
bxa6 22. Rc7 Bc6 23. Rxc8 Rxc8 24. Kf2 Bd7 25. Rxc8 Bxc8 26. Ke2 Bd7 27. Kd3
Bb5+ 28. Kc3 Nc4 29. Bf2 Be7 30. Bh4 Bxh4 31. Nxh4 Nxd2 32. Kxd2 Kf8 33. Kc3 a5
34. Kd2 Ke7 1/2-1/2

[Event "Mechanics' Fall TNM; G/2"]
[Site "San Francisco"]
[Date "2015.11.24"]
[Round "6.13"]
[White "Morgan, Jerry Dugl"]
[Black "Krasnov, Steven"]
[Result "0-1"]
[WhiteElo "1588"]
[BlackElo "1921"]
[PlyCount "66"]
[EventDate "2015.??.??"]

1. f4 g6 2. Nf3 Nf6 3. d3 d5 4. c3 Bg7 5. Qc2 Bf5 6. Nbd2 Ng4 7. Nb3 Nh6 8. e4
Bg4 9. Nfd4 Nc6 10. Be3 Nxd4 11. Bxd4 f6 12. h3 Bc8 13. O-O-O c6 14. g4 Nf7 15.
Bg2 b6 16. exd5 cxd5 17. Qe2 O-O 18. h4 Re8 19. h5 e5 20. fxe5 Nxe5 21. Rde1
Bxg4 22. Qd2 Bxh5 23. Be3 Rc8 24. Nd4 Ng4 25. Bf4 Qd7 26. Bh3 f5 27. Bg2 Rxe1+
28. Qxe1 Bxd4 29. Kd2 Bf6 30. d4 Kg7 31. Qg3 Qb5 32. Kc1 Bxd4 33. Kb1 Bxc3 0-1

[Event "Mechanics' Summer TNM; G/2"]
[Site "San Francisco"]
[Date "2015.05.26"]
[Round "1.12"]
[White "Morgan, Jerry Dugl"]
[Black "Manvelyan, Hovik"]
[Result "0-1"]
[WhiteElo "1538"]
[BlackElo "2015"]
[Annotator "Donaldson"]
[PlyCount "76"]
[EventDate "2015.??.??"]

1. f4 f5 2. e4 d6 (2... fxe4 3. d3 {is an obscure gambit.}) 3. Bc4 {
Not a position seen everyday!} Nf6 4. e5 dxe5 5. fxe5 Nd5 6. Qh5+ g6 7. Qf3 e6
8. Qg3 f4 9. Qg4 Bg7 10. Nf3 O-O 11. c3 Qe7 12. d4 Ne3 13. Bxe3 fxe3 14. O-O c5
15. Na3 cxd4 16. cxd4 Nc6 17. Nb5 Nb4 18. Nd6 Nd5 19. Ng5 Bd7 20. Rf3 Rxf3 21.
Nxf3 b5 22. Bd3 Rf8 23. Qg5 Qxg5 24. Nxg5 Rf2 25. Rb1 Nf4 26. Bf1 Rc2 27. g3
Ne2+ 28. Bxe2 Rxe2 29. Nge4 Bc6 30. Rc1 Bxe4 31. Rc8+ Bf8 32. Nxe4 Kg7 33. Nf6
Bb4 34. Rc7+ Kf8 {Diagram #} 35. Nxh7+ $2 (35. d5 $1 Rxb2 36. dxe6 Be7 37.
Nxh7+ Ke8 38. Nf6+ Kf8 39. Rc8+ Kg7 40. Rg8+ Kh6 41. h4 {wins.}) 35... Ke8 36.
Nf6+ Kd8 37. Rd7+ Kc8 38. d5 Rc2 0-1

[Event "Mechanics' Summer TNM; G/2"]
[Site "San Francisco"]
[Date "2015.06.09"]
[Round "3.21"]
[White "Morgan, Jerry Dugl"]
[Black "Marcus, Joel"]
[Result "0-1"]
[WhiteElo "1538"]
[BlackElo "1820"]
[PlyCount "32"]
[EventDate "2015.??.??"]

1. f4 e5 2. fxe5 d6 3. exd6 Bxd6 4. Nf3 Nc6 5. d4 Bg4 6. Qd3 Bxf3 7. Qxf3 Qh4+
8. Qf2 Qxf2+ 9. Kxf2 Nxd4 10. Nc3 Nf6 11. Bg5 Ng4+ 12. Kg1 Nxc2 13. Ne4 Nxa1
14. Nxd6+ cxd6 15. e4 O-O 16. Bd3 Ne5 0-1

[Event "Mechanics' Fall TNM; G/2"]
[Site "San Francisco"]
[Date "2015.11.10"]
[Round "4.33"]
[White "Morgan, Jerry Dugl"]
[Black "Nassif, Wassim J"]
[Result "1-0"]
[WhiteElo "1588"]
[BlackElo "1217"]
[PlyCount "99"]
[EventDate "2015.??.??"]

1. f4 Nc6 2. Nf3 d6 3. e4 e5 4. f5 Nf6 5. Nc3 d5 6. exd5 Nxd5 7. Bd3 Nxc3 8.
dxc3 Bd6 9. O-O O-O 10. Ng5 Re8 11. Qh5 h6 12. Nxf7 Qf6 13. Bc4 Kh7 14. Ng5+
Kh8 15. Qxe8+ Qf8 16. Nf7+ Kh7 17. Nxd6 Qxe8 18. Nxe8 Bd7 19. Nxc7 Rc8 20. Ne6
Bxe6 21. fxe6 Re8 22. Rf7 Nd8 23. Rd7 Nxe6 24. Rxb7 Nf4 25. Be3 a5 26. Re1 Ng6
27. Bf7 Rf8 28. Bc5 Rd8 29. Be3 e4 30. Bd4 Nh4 31. Be6 h5 32. Rxg7+ Kh6 33. Rd7
Re8 34. Bf7 Rf8 35. Rxe4 Nf5 36. Bc5 Rc8 37. b4 axb4 38. cxb4 Kg5 39. a4 h4 40.
a5 Nh6 41. Be6 Nf5 42. Kf2 Rc6 43. Rd5 Kf6 44. Rxf5+ Kg6 45. Rg4+ Kh6 46. Rf8
Kh7 47. Bf5+ Rg6 48. Rxg6 h3 49. Rg3+ Kh6 50. Rh8# 1-0

[Event "Mechanics' Fall TNM; G/2"]
[Site "San Francisco"]
[Date "2015.12.08"]
[Round "8.28"]
[White "Morgan, Jerry Dugl"]
[Black "Sherwood, Peter"]
[Result "0-1"]
[WhiteElo "1588"]
[BlackElo "1633"]
[Annotator "Donaldson"]
[PlyCount "92"]
[EventDate "2015.??.??"]

1. f4 d5 2. Nf3 Nf6 3. e3 e6 4. b3 Bc5 $6 {An awkward square for the bishop.} (
4... c5) (4... Be7) 5. Bb2 Qe7 6. a3 (6. Be2) 6... Nbd7 7. Bd3 Bd6 8. Ne5 Nc5
9. Bb5+ (9. Be2) 9... Ncd7 (9... c6 {looks like a mistake but it is playable -}
10. Nxc6 bxc6 11. Bxc6+ Bd7 12. Bxa8 O-O 13. d4 Nce4 14. Bb7 Qd8 {
recovers the bishop as} 15. Ba6 {is met by} Qa5+) 10. Bxd7+ Bxd7 11. O-O O-O-O
(11... O-O {is safer.}) 12. d3 h5 13. h3 h4 14. Nd2 Nh5 15. c4 Nf6 (15... Ng3)
16. b4 Ne8 17. b5 Bc5 $2 (17... dxc4) 18. Re1 (18. d4 Bd6 19. Qa4 $18) 18...
Bd6 19. Qa4 Kb8 {Diagram #} 20. Nb3 (20. Nc6+ $1 bxc6 21. bxc6 Bc5 22. Nb3 Bb6
23. cxd7 Qxd7 24. Qxd7 Rxd7 25. c5 $18) 20... Bxe5 21. Bxe5 f6 22. Bd4 b6 23.
c5 e5 24. cxb6 $2 {
This opens lines for Black's pieces and the initative changes hands.} (24. Bc3
$11) 24... cxb6 25. Bc3 Nc7 (25... Rc8) 26. Qb4 Qxb4 27. Bxb4 Bxb5 28. d4 e4
29. a4 Bc4 30. Nd2 Bd3 31. a5 b5 32. Nb3 Na6 33. Bd2 Rc8 34. Rac1 Bc4 35. Rb1
Rc6 36. Nc1 Rhc8 37. Ne2 Bxe2 38. Rxe2 Nc7 39. Bb4 a6 40. Bc5 Ne6 41. Bb6 g6
42. Kf2 Ng7 43. g4 hxg3+ 44. Kxg3 Rc3 45. Bc5 Ne6 46. Be7 Nxd4 0-1

[Event "Mechanics' Leighton Allen TNM; G/2"]
[Site "San Francisco"]
[Date "2015.09.15"]
[Round "7.21"]
[White "Morgan, Jerry Dugl"]
[Black "Tokatyan, Shant"]
[Result "0-1"]
[WhiteElo "1645"]
[BlackElo "1413"]
[Annotator "Donaldson"]
[PlyCount "54"]
[EventDate "2015.??.??"]

1. f4 d5 2. Nf3 c5 3. e3 g6 4. Be2 Nc6 5. O-O Bg7 6. d3 e5 7. fxe5 Nxe5 8. Nc3
Ne7 9. e4 d4 10. Nb1 N7c6 11. Bd2 Nxf3+ 12. Rxf3 Ne5 13. Rf2 O-O 14. a4 f5 15.
exf5 Bxf5 16. Na3 Qe7 17. Bf3 Rf7 (17... Be6) 18. Bd5 Be6 19. Rxf7 Bxf7 20. Be4
Rd8 21. Qe2 Bd5 22. Re1 Qd7 23. Bg5 Re8 24. Bxd5+ Qxd5 25. Qf1 $6 (25. Bd2) (
25. Bf4 Nf3+) 25... Nf3+ (25... Rf8 26. Qe2 Nxd3) 26. gxf3 Qxg5+ 27. Kf2 $4 (
27. Kh1 $15) 27... Qh4+ 0-1

[Event "Mechanics' Summer TNM; G/2"]
[Site "San Francisco"]
[Date "2015.06.04"]
[Round "2"]
[White "Mundal, Aniket"]
[Black "Paquette, James"]
[Result "1/2-1/2"]
[WhiteElo "800"]
[BlackElo "1456"]
[PlyCount "66"]
[EventDate "2015.??.??"]

1. e4 g6 2. d4 Bg7 3. Nf3 c5 4. c3 Qa5 5. Bd2 Nc6 6. Bc4 Nf6 7. d5 Nd8 8. b4
cxb4 9. cxb4 Qc7 10. Qe2 Nxe4 11. Qxe4 Bxa1 12. Nc3 Bxc3 13. Bxc3 O-O 14. Qd4
e5 15. dxe6 f6 16. e7+ d5 17. Bxd5+ Be6 18. exf8=Q+ Kxf8 19. Qxf6+ Qf7 20.
Qxf7+ Bxf7 21. Bxf7 Nxf7 22. Ne5 Re8 23. f4 g5 24. g3 gxf4 25. gxf4 Nd6 26. O-O
Ne4 27. Bb2 Re7 28. Kh1 Rg7 29. Nd7+ $4 Rxd7 30. Be5 Rd2 31. a4 Nf2+ 32. Kg1
Nh3+ 33. Kh1 Nf2+ 1/2-1/2

[Event "Mechanics' Winter TNM; 30/90, SD/30"]
[Site "San Francisco"]
[Date "2015.02.03"]
[Round "5.30"]
[White "Nagle, Michael"]
[Black "Chalissery, Jossy"]
[Result "1/2-1/2"]
[WhiteElo "1465"]
[BlackElo "1706"]
[PlyCount "114"]
[EventDate "2015.??.??"]

1. e4 d5 2. exd5 Qxd5 3. Nc3 Qa5 4. d4 c6 5. Bd2 Bf5 6. Bc4 e6 7. Nf3 Nd7 8.
O-O Ngf6 9. Re1 Qc7 10. d5 cxd5 11. Bxd5 Nxd5 12. Nxd5 Qc6 13. Bf4 O-O-O 14.
Ne3 Nf6 15. Qe2 Nd5 16. Nxd5 Rxd5 17. Ne5 Qa4 18. Qc4+ Qxc4 19. Nxc4 f6 20. Ne3
Rb5 21. Nxf5 Rxf5 22. Be3 a6 23. Rad1 Be7 24. Rd2 Rb5 25. b3 Bb4 26. c3 Ba5 27.
Red1 Rd8 28. Rxd8+ Bxd8 29. Kf1 Be7 30. Ke2 Re5 31. Rd3 Bc5 32. Kd2 Bxe3+ 33.
Rxe3 Rxe3 34. Kxe3 Kc7 35. Kd4 Kd6 36. c4 e5+ 37. Kc3 e4 38. Kd4 f5 39. b4 b6
40. f3 exf3 41. gxf3 f4 42. a4 g5 43. Ke4 Ke6 44. c5 bxc5 45. bxc5 a5 46. h4 h6
47. hxg5 hxg5 48. c6 Kd6 49. Kf5 Kxc6 50. Kxg5 Kc5 51. Kxf4 Kb4 52. Kg5 Kxa4
53. f4 Kb3 54. f5 a4 55. f6 a3 56. f7 a2 57. f8=Q a1=Q 1/2-1/2